Geography Quiz

Random Geography or State Quiz
Score 0/50 Timer 08:00
1 Play Today
State Left State Moved To % Correct
Hawaii*???
82.3%
Georgia???
77.8%
New Jersey???
73%
Oklahoma???
71.9%
Louisiana???
71.5%
Connecticut???
70.9%
Nevada???
70.1%
Arizona???
67.9%
Florida???
63.8%
Indiana???
63%
Arkansas???
58.3%
Maryland???
53%
West Virginia???
52.3%
Pennsylvania???
52.1%
Wyoming???
50.1%
Washington*???
48.8%
Rhode Island???
48.4%
Minnesota???
47.3%
New Hampshire???
45.9%
Kentucky???
44.5%
Idaho???
43.3%
New York*???
43%
Texas*???
42.7%
New Mexico???
40.4%
South Carolina???
39.3%
State Left State Moved To % Correct
North Carolina*???
39%
South Dakota???
36.7%
North Dakota???
32.4%
Kansas???
31.2%
Alabama???
30.8%
Oregon???
29.7%
Colorado*???
29.4%
California*???
29.1%
Vermont???
28.4%
Wisconsin???
26.4%
Delaware???
24.9%
Illinois???
21.5%
Missouri???
21.4%
Virginia???
19.9%
Nebraska???
16.4%
Tennessee???
15.8%
Mississippi???
14%
Michigan*???
13.8%
Montana*???
9.1%
Alaska*???
8.2%
Utah???
7%
Massachusetts???
6.7%
Maine*???
5.5%
Iowa???
5%
Ohio???
4.5%
Remove Ads.
Support Sporcle.
Get the best of Sporcle when you Go Orange. This ad-free experience offers more features, more stats, and more fun while also helping to support Sporcle. Thank you for becoming a member.

You're not logged in!

Compare scores with friends on all Sporcle quizzes.
OR
Log In

Show Comments

Extras

Top Quizzes Today


Score Distribution

Your Account Isn't Verified!

In order to create a playlist on Sporcle, you need to verify the email address you used during registration. Go to your Sporcle Settings to finish the process.

Report this User

Report this user for behavior that violates our Community Guidelines.

Details: